| 000 | 00491nam a2200181Ia 4500 | ||
|---|---|---|---|
| 005 | 20250326124109.0 | ||
| 008 | 250326s9999 xx 000 0 und d | ||
| 037 | _aTextbook | ||
| 040 |
_aFMSL _beng _cFMSL |
||
| 041 |
_aeng _2eng |
||
| 084 |
_aX:4 K6 _qFMSL |
||
| 100 |
_aOwen W _9736761 |
||
| 245 | 0 |
_aStrategy for mobility _cOwen W |
|
| 260 |
_aUnited Kingdom _bUnited Kingdom, East-West Centre _c1966 |
||
| 300 | _a249p | ||
| 942 |
_cTB _hX:4 K6 |
||
| 999 |
_c1272267 _d1272267 |
||